Premier League Champions' Most Used XI 2010-2020 - Statistics

General Stats
  • This quiz has been taken 244 times
  • The average score is 94 of 110
Answer Stats
Team Position Nationality Answer % Correct
Chelsea 09/10 GK Czech Petr Cech
100%
Chelsea 09/10 FW Ivorian Didier Drogba
98%
Manchester City 2011/12 | Manchester City 2013/14 | Manchester City 2017/18 | Manchester City 2018/19 MF Spanish David Silva
97%
Manchester City 2018/19 FW Portuguese Bernardo Silva
96%
Manchester United 2010/11 DEF Serbian Nemanja Vidic
96%
Manchester United 2010/11 MF Welsh Ryan Giggs
96%
Chelsea 09/10 MF English Frank Lampard
95%
Chelsea 09/10 | Chelsea 2014/15 DEF English John Terry
95%
Manchester United 2010/11 | Manchester United 2012/13 FW English Wayne Rooney
95%
Chelsea 09/10 | Chelsea 2014/15 DEF Serbian Branislav Ivanovic
94%
Manchester United 2010/11 GK Dutch Edwin Van Der Sar
94%
Leicester City 2015/16 FW English Jamie Vardy
94%
Manchester City 2011/12 | Manchester City 2013/14 GK English Joe Hart
94%
Manchester City 2011/12 | Manchester City 2017/18 | Manchester City 2018/19 FW Argentinian Sergio Aguero
94%
Chelsea 2014/15 | Chelsea 2016/17 GK Belgian Thibaut Courtois
94%
Manchester United 2012/13 GK Spanish David de Gea
93%
Chelsea 2014/15 | Chelsea 2016/17 MF Belgian Eden Hazard
93%
Manchester City 2011/12 | Manchester City 2013/14 FW Bosnian Edin Dzeko
93%
Leicester City 2015/16 GK Danish Kasper Schmeichel
93%
Manchester City 2017/18 MF Belgian Kevin De Bruyne
93%
Chelsea 2014/15 | Chelsea 2016/17 MF Serbian Nemanja Matic
93%
Manchester United 2010/11 | Manchester United 2012/13 DEF French Patrice Evra
93%
Manchester City 2011/12 | Manchester City 2013/14 | Manchester City 2017/18 DEF Belgian Vincent Kompany
93%
Manchester City 2011/12 | Manchester City 2013/14 MF Ivorian Yaya Toure
93%
Manchester United 2010/11 FW Bulgarian Dimitar Berbatov
91%
Manchester City 2017/18 | Manchester City 2018/19 GK Brazilian Ederson
91%
Manchester City 2013/14 | Manchester City 2017/18 | Manchester City 2018/19 MF Brazilian Fernandinho
91%
Manchester City 2017/18 | Manchester City 2018/19 DEF English Kyle Walker
91%
Chelsea 2016/17 | Leicester City 2015/16 MF French N'Golo Kante
91%
Manchester City 2017/18 | Manchester City 2018/19 FW English Raheem Sterling
91%
Manchester United 2010/11 | Manchester United 2012/13 DEF English Rio Ferdinand
91%
Leicester City 2015/16 MF Algerian Riyad Mahrez
91%
Manchester United 2012/13 FW Dutch Robin van Persie
91%
Manchester United 2012/13 MF Ecuadorian Antonio Valencia
90%
Chelsea 09/10 DEF English Ashley Cole
90%
Manchester City 2018/19 DEF English John Stones
90%
Chelsea 2014/15 | Chelsea 2016/17 DEF Spanish Cesar Azpilicueta
89%
Chelsea 2014/15 | Chelsea 2016/17 FW Spanish Diego Costa
89%
Manchester City 2018/19 MF German Ilkay Gundogan
89%
Manchester City 2017/18 DEF Argentinian Nicolas Otamendi
89%
Chelsea 09/10 MF German Michael Ballack
88%
Chelsea 09/10 MF Nigerian Mikel John Obi
88%
Manchester United 2010/11 | Manchester United 2012/13 MF English Michael Carrick
87%
Chelsea 09/10 DEF Portuguese Ricardo Carvalho
87%
Chelsea 2016/17 DEF Brazilian David Luiz
86%
Chelsea 2014/15 | Chelsea 2016/17 DEF English Gary Cahill
86%
Manchester City 2017/18 FW German Leroy Sane
86%
Manchester City 2018/19 DEF Ukrainian Oleksandr Zinchenko
85%
Chelsea 2014/15 MF Brazilian Oscar
85%
Manchester United 2010/11 MF Portuguese Nani
84%
Chelsea 2014/15 MF Brazilian Willian
84%
Chelsea 2014/15 MF Spanish Cesc Fabregas
83%
Chelsea 2016/17 DEF Spanish Marcos Alonso
83%
Manchester City 2013/14 DEF Argentinian Pablo Zabaleta
83%
Manchester City 2011/12 | Manchester City 2013/14 MF French Samir Nasri
83%
Chelsea 09/10 FW French Nicolas Anelka
82%
Manchester City 2018/19 DEF French Aymeric Laporte
81%
Leicester City 2015/16 MF English Danny Drinkwater
80%
Leicester City 2015/16 DEF Jamaican Wes Morgan
79%
Manchester United 2012/13 DEF Brazilian Rafael
78%
Manchester City 2013/14 DEF Serbian Aleksandar Kolarov
77%
Leicester City 2015/16 DEF Austrian Christian Fuchs
77%
Manchester United 2012/13 DEF Northern Irish Jonny Evans
77%
Manchester United 2010/11 DEF Irish John O'Shea
75%
Leicester City 2015/16 FW Japanese Shinji Okazaki
75%
Chelsea 2016/17 DEF Nigerian Victor Moses
74%
Manchester United 2010/11 MF Scottish Darren Fletcher
73%
Chelsea 09/10 FW French Florent Malouda
73%
Manchester City 2011/12 DEF French Gael Clichy
73%
Leicester City 2015/16 DEF German Robert Huth
72%
Leicester City 2015/16 MF English Marc Albrighton
66%
Chelsea 2016/17 MF Spanish Pedro
66%
Manchester City 2013/14 DEF Argentinian Martin Demichelis
65%
Manchester City 2011/12 DEF English Joleon Lescott
61%
Manchester City 2011/12 MF English Gareth Barry
59%
Manchester City 2011/12 DEF English Micah Richards
59%
Manchester City 2017/18 DEF English Fabian Delph
58%
Leicester City 2015/16 DEF English Danny Simpson
53%
Manchester United 2012/13 MF English Tom Cleverley
49%
Manchester United 2012/13 MF English Ashley Young
46%
Manchester City 2013/14 MF Spanish Jesus Navas
46%
No matching quizzes found
Score Distribution
Percent of People with Each Score
Percentile by Number Answered
Your Score History
You have not taken this quiz